000 00810nam a2200265 a 4500
001 67888
003 BD-RjUL
005 20211209081714.0
008 760223s1976 njua b 001 0 eng
020 _a0876921497
035 _a(BD-RjUL)68097
040 _aDLC
_cDLC
_dm.c.
_dMYG
_beng
041 _aeng
082 _223
_a621.38195835
_bLED 1981
099 _aTK7868.D5.L4
100 1 _aLee, Samuel C.,
_d1937-
_9201247
245 1 0 _aDigital circuits and logic design /
_cSamuel C. Lee.
260 _aEnglewood Cliffs, N.J. :
_bPrentice-Hall,
_cc1976 [printing 1981]
300 _axii, 594 p. :
_bill. ;
_c24 cm.
504 _aIncludes bibliographies and index.
650 0 _aDigital electronics.
_9201248
650 0 _aLogic design.
_9166547
650 0 _aIntegrated circuits.
_9201249
942 _2ddc
_cBK
999 _c67888
_d67888